Spolupráca správcov daní pri eliminácii daňových únikov diplomová práca

Na minha lista:
Detalhes bibliográficos
Autor principal: Paxián, Juraj
Autor Corporativo: Národohospodárska fakulta EU. Katedra financií
Outros Autores: Schultzová, Anna
Formato: Livro
Idioma:eslovaco
Publicado em: Bratislava 2010
Tags: Adicionar Tag
Sem tags, seja o primeiro a adicionar uma tag!

MARC

LEADER 00000nam$a2200000$$$4500
001 0119014
005 20240318123448.1
041 0 |a slo 
044 |a SK 
245 1 0 |a Spolupráca správcov daní pri eliminácii daňových únikov  |b diplomová práca  |c Juraj Paxián ; škol. Anna Schultzová 
264 1 |a Bratislava  |c 2010 
300 |a 87 s. 
100 1 |a Paxián, Juraj 
700 1 |a Schultzová, Anna 
710 2 |a Národohospodárska fakulta EU. Katedra financií